[Event "1998 Canadian Junior"]
[Site "Vancouver, British Columbia"]
[Date "1998.12.30"]
[Round "6"]
[White "Afrah, Navid"]
[Black "Dutton, Warren"]
[Result "1-0"]
[WhiteElo "2109"]
[BlackElo "2062"]

1. e4 e5 2. Nf3 Nc6 3. Bb5 f5 4. d3 fxe4 5. dxe4 Nf6 6. O-O d6 7. Qd3 Be7 
8. Nc3 a6 9. Bc4 b5 10. Bd5 Nb4 11. Qe2 Nbxd5 12. Nxd5 Nxd5 13. exd5 O-O 
14. Nd2 Bg5 15. Ne4 Bxc1 16. Raxc1 Qe8 17. c4 bxc4 18. Rxc4 Bd7 19. Rxc7 
Rf4 20. Rfc1 Qg6 21. Rxd7 Rxe4 22. Qf3 Rf4 23. Qh3 Rf6 24. Qg3 Qh6 25. Rcc7
Rg6 26. Qf3 Kh8 27. Qc3 Rf6 28. Rc8+ Rf8 29. Rxa8 Rxa8 30. Qc6 Rf8 31. Rf7
Rg8 32. h3 Qg6 33. Rb7 Rf8 34. Qxa6 h6 35. Qa7 Qb1+ 36. Kh2 Rg8 37. Qa4 Rf8
38. Qg4 Rg8 39. a4 Qd3 40. a5 Qxd5 41. a6 Qc6 42. Qe2 Ra8 43. b4 Rxa6 44. 
Rb8+ Kh7 45. b5 1-0

[Event "1998 Canadian Junior"]
[Site "Vancouver, British Columbia"]
[Date "1998.12.30"]
[Round "6"]
[White "Carlisle, Michael"]
[Black "Charbonneau, Pascal"]
[Result "0-1"]
[WhiteElo "2074"]
[BlackElo "2354"]

1. e4 c5 2. Nc3 Nc6 3. g3 g6 4. Bg2 Bg7 5. d3 d6 6. Be3 Rb8 7. Qd2 b5 8. f4
b4 9. Nd1 e6 10. Nf3 Nd4 11. O-O Ne7 12. h3 O-O 13. c3 bxc3 14. bxc3 Nxf3+
15. Bxf3 Qa5 16. Rf2 f5 17. Kh2 Bd7 18. d4 fxe4 19. Bxe4 cxd4 20. Bxd4 e5 
21. Be3 d5 22. Bf3 Be6 23. fxe5 Bxe5 24. Bd4 Bxd4 25. Qxd4 Nf5 26. Qe5 Rbe8
27. Rb1 Bf7 28. Qf4 Qc5 29. Qd2 Be6 30. Bg4 Rf7 31. Rb4 Qd6 32. Bxf5 Rxf5 
33. Rxf5 Bxf5 34. Ne3 Be4 35. Qd4 Rf8 36. Ng4 g5 37. Rb7 Qg6 38. Rxa7 h5 
39. Ne5 Qf6 40. Nd7 Qf1 0-1

[Event "1998 Canadian Junior"]
[Site "Vancouver, British Columbia"]
[Date "1998.12.30"]
[Round "6"]
[White "Henson, Joshua"]
[Black "Hua, Lefong"]
[Result "1/2-1/2"]
[WhiteElo "2071"]
[BlackElo "2358"]

1. e4 c5 2. Nf3 d6 3. d4 cxd4 4. Qxd4 Nc6 5. Bb5 Bd7 6. Bxc6 Bxc6 7. Nc3 
Nf6 8. Bg5 e6 9. O-O-O Be7 10. Qd3 O-O 11. Nd4 Rc8 12. f4 Qa5 13. Rhe1 h6 
14. Bh4 Qh5 15. Nxc6 Rxc6 16. Bg3 Nd7 17. Qb5 Nc5 18. Qe2 Qxe2 19. Rxe2 
Rfc8 20. f5 a6 21. Kb1 b5 22. a3 Nb7 23. Na2 Nc5 24. Nb4 Rb6 25. Bf2 a5 26.
Nd3 Rbc6 27. Nxc5 dxc5 28. Rd7 Bf8 29. Red2 c4 30. c3 b4 31. axb4 axb4 32.
cxb4 Bxb4 33. Rd8+ Rxd8 34. Rxd8+ Kh7 35. Rd7 exf5 1/2-1/2

[Event "1998 Canadian Junior"]
[Site "Vancouver, British Columbia"]
[Date "1998.12.30"]
[Round "6"]
[White "Khan, Zamir"]
[Black "Reddy, Tyler"]
[Result "1/2-1/2"]
[WhiteElo "2182"]
[BlackElo "2094"]

1. d4 d5 2. c4 dxc4 3. Nf3 a6 4. a4 Nc6 5. e3 Bg4 6. Bxc4 e6 7. O-O Nf6 8.
Nc3 Bd6 9. h3 Bh5 10. Be2 O-O 11. e4 Bxf3 12. Bxf3 Nxd4 13. Be3 Nxf3+ 14. 
Qxf3 Be5 15. Bc5 Re8 16. Rad1 Qc8 17. Qe2 b6 18. Bd4 Bxd4 19. Rxd4 e5 20. 
Rd3 Rd8 21. Rg3 Qe6 22. Kh2 Rd4 23. f4 exf4 24. Rxf4 Qe5 25. Rf5 Qe6 26. 
Qf2 Nxe4 27. Rxg7+ Kxg7 28. Qxd4+ Nf6 29. Rg5+ Kf8 30. Qh4 Ke7 31. Nd5+ 
Nxd5 32. Rxd5+ Ke8 33. Qd4 f6 34. Qd1 Ke7 35. Qd3 Rh8 36. g3 h5 37. Rd4 f5
38. Rd5 Rf8 39. Qd2 Rg8 40. Rd3 Qc6 41. Re3+ Kf7 42. Qe2 Rg5 43. Re7+ Kf8 
44. Re6 Qc5 45. Re8+ 1/2-1/2

[Event "1998 Canadian Junior"]
[Site "Vancouver, British Columbia"]
[Date "1998.12.30"]
[Round "6"]
[White "Olson, Hans"]
[Black "Voloaca, Mihnea"]
[Result "1-0"]
[WhiteElo "1928"]
[BlackElo "2137"]

1. e4 c5 2. Nc3 Nc6 3. f4 g6 4. Nf3 Bg7 5. Bb5 Nd4 6. a4 a6 7. Bc4 e6 8. 
O-O Ne7 9. e5 d5 10. exd6 Qxd6 11. Ne4 Qc7 12. c3 Nxf3+ 13. Qxf3 O-O 14. d3
Nf5 15. g4 Nd6 16. Bb3 Bd7 17. Qh3 Nxe4 18. dxe4 c4 19. Bc2 f5 20. gxf5 
exf5 21. e5 Bc6 22. Be3 Bd5 23. Bd4 b6 24. Qe3 Rab8 25. Bd1 Rfe8 26. Bf3 
Bxf3 27. Qxf3 Qb7 28. Qxb7 Rxb7 29. h4 Kf7 30. Kg2 Ke6 31. Kf3 Bf8 32. Rad1
Rd8 33. Rd2 Be7 34. Rh1 Rd5 35. Ke3 Ra5 36. Rg2 Bd8 37. h5 Rg7 38. hxg6 
hxg6 39. Rh6 Rxa4 40. Rhxg6+ Rxg6 41. Rxg6+ Kf7 42. Rc6 b5 43. Bc5 Ra1 44.
Kd2 Bh4 45. e6+ Kf6 46. e7+ Kf7 47. Rc8 Bxe7 48. Rc7 Rb1 49. Rxe7+ Kf6 50.
Kc2 Ra1 51. Bd6 Kg6 52. Be5 Re1 53. Ra7 Ra1 54. Rg7+ Kh6 55. Rg5 a5 56. 
Rxf5 b4 57. Rf6+ Kh5 58. cxb4 axb4 59. Rc6 c3 60. bxc3 bxc3 61. Rxc3 Rf1 
62. Kd3 Rf3+ 63. Ke4 1-0

[Event "1998 Canadian Junior"]
[Site "Vancouver, British Columbia"]
[Date "1998.12.30"]
[Round "7"]
[White "Pechisker, Alfred"]
[Black "Carlisle, Michael"]
[Result "1-0"]
[WhiteElo "2244"]
[BlackElo "2074"]

1. d4 d5 2. c4 c6 3. Nc3 Nf6 4. Bg5 e6 5. cxd5 exd5 6. e3 Bf5 7. Nf3 Bd6 8.
Qb3 Bc8 9. Bd3 O-O 10. O-O h6 11. Bh4 Nbd7 12. Qc2 Re8 13. Rab1 a5 14. a3 
Be7 15. Bxf6 Nxf6 16. b4 axb4 17. axb4 Ra3 18. Rb3 Rxb3 19. Qxb3 Qb6 20. 
Rb1 Ne4 21. Nxe4 dxe4 22. Bxe4 Bf6 23. Bd3 Bg4 24. Nd2 Ra8 25. h3 Be6 26. 
Bc4 Bxc4 27. Qxc4 Ra4 28. Qc5 Qd8 29. b5 Be7 30. Qc2 Qa8 31. bxc6 bxc6 32.
Ne4 Ra5 33. Rb6 Ra6 34. Qb3 Rxb6 35. Qxb6 f5 36. Nd2 Qa1+ 37. Qb1 Qxb1+ 38.
Nxb1 Bb4 39. Kf1 Kf7 40. Ke2 Ke6 41. Kd3 c5 42. Kc4 Be1 43. d5+ Kd6 44. f3
Bf2 45. e4 fxe4 46. fxe4 h5 47. Nd2 Ke5 48. Nf3+ Kxe4 49. d6 Bg3 50. Kxc5 
Ke3 51. Kc6 Bxd6 52. Kxd6 Kf2 53. Ke5 Kxg2 54. Ng5 Kg3 55. Kf5 1-0

[Event "1998 Canadian Junior"]
[Site "Vancouver, British Columbia"]
[Date "1998.12.30"]
[Round "7"]
[White "Hua, Lefong"]
[Black "Khan, Zamir"]
[Result "1-0"]
[WhiteElo "2358"]
[BlackElo "2182"]

1. c4 Nf6 2. Nc3 e6 3. e4 d5 4. e5 d4 5. exf6 dxc3 6. bxc3 Qxf6 7. d4 c5 8.
Nf3 h6 9. Bd3 Bd6 10. O-O O-O 11. Qe2 Nd7 12. Qe4 Re8 13. Qh7+ Kf8 14. Nd2
Bc7 15. Ne4 Qg6 16. Qxg6 fxg6 17. Ba3 Kf7 18. Nxc5 Nxc5 19. Bxc5 b6 20. Ba3
Ba6 21. Rfe1 Rac8 22. Re3 Bd8 23. Rf3+ Bf6 24. c5 Bxd3 25. Rxd3 Be7 26. Re1
Rcd8 27. Rf3+ Kg8 28. Rfe3 Bf8 29. Re5 Kf7 30. g3 Rc8 31. Rb1 Kf6 32. Rb5 
Rc6 33. Bb4 a5 34. Ba3 Rec8 35. Bb2 bxc5 36. Rxa5 cxd4 37. cxd4 Rc2 38. 
Reb5 g5 39. d5+ e5 40. Ra6+ Kf5 41. d6 Bxd6 42. Rxd6 Kg4 43. Rd1 Rf8 44. 
Rf1 e4 45. Bxg7 Rf7 46. Bxh6 e3 47. Rxg5+ Kh3 48. Rh5+ Kg4 49. Rh4+ 1-0

[Event "1998 Canadian Junior"]
[Site "Vancouver, British Columbia"]
[Date "1998.12.30"]
[Round "7"]
[White "Dutton, Warren"]
[Black "Olson, Hans"]
[Result "0-1"]
[WhiteElo "2062"]
[BlackElo "1928"]

1. d4 d5 2. c4 dxc4 3. Nc3 a6 4. a4 Nc6 5. Nf3 Nf6 6. e4 Bg4 7. Be3 e5 8. 
d5 Nb4 9. Bxc4 Bxf3 10. gxf3 c6 11. O-O cxd5 12. exd5 Rc8 13. Qb3 Nc2 14. 
Qxc2 Rxc4 15. Qf5 Qc7 16. Rfe1 Be7 17. Bg5 h6 18. Bd2 O-O 19. Kh1 Rh4 20. 
Rac1 e4 21. h3 g6 22. Rg1 Kh7 23. Nxe4 Qxc1 24. Nxf6+ Bxf6 25. Qxf6 Rxh3+ 
26. Kg2 Qxd2 27. Kxh3 Qxd5 28. Rg4 Re8 29. Qc3 Re5 30. Rd4 Qe6+ 31. Kg2 
Rg5+ 32. Kh2 Rh5+ 33. Kg3 g5 34. Qd3+ Kg7 0-1

[Event "1998 Canadian Junior"]
[Site "Vancouver, British Columbia"]
[Date "1998.12.30"]
[Round "7"]
[White "Voloaca, Mihnea"]
[Black "Wong, Samuel"]
[Result "1-0"]
[WhiteElo "2137"]
[BlackElo "1975"]

1. c4 c5 2. Nf3 Nf6 3. Nc3 Nc6 4. d4 cxd4 5. Nxd4 a6 6. e4 e6 7. Be2 Be7 8.
Be3 O-O 9. O-O d6 10. Qd2 Bd7 11. Rac1 Rc8 12. Rfd1 Ne5 13. b3 h6 14. f3 
Qc7 15. Qe1 Rfd8 16. Qf2 Be8 17. Nc2 Ned7 18. Nd4 Ne5 19. Qg3 Ng6 20. f4 
Kh8 21. f5 Nf8 22. Qh3 e5 23. Nf3 N8d7 24. g4 Kg8 25. g5 hxg5 26. Nxg5 Nf8
27. Kh1 N8h7 28. Rg1 Nxg5 29. Rxg5 Bf8 30. Rcg1 Bc6 31. Qh6 Ne8 32. Rxg7+ 
Nxg7 33. f6 1-0

[Event "1998 Canadian Junior"]
[Site "Vancouver, British Columbia"]
[Date "1998.12.30"]
[Round "7"]
[White "Reddy, Tyler"]
[Black "Afrah, Navid"]
[Result "0-1"]
[WhiteElo "2094"]
[BlackElo "2109"]

1. c4 Nf6 2. g3 g6 3. Bg2 Bg7 4. Nc3 O-O 5. e4 d6 6. Nge2 c5 7. O-O Nc6 8.
d3 Rb8 9. h3 a6 10. a4 Nd4 11. Nxd4 cxd4 12. Ne2 Nd7 13. f4 b5 14. b3 bxc4
15. bxc4 Nc5 16. Ba3 Qa5 17. Bxc5 Qxc5 18. Qc2 Bd7 19. Ra2 Rb4 20. Rfa1 f5
21. exf5 Bxf5 22. Kh2 Rfb8 23. g4 Bd7 24. Ng3 Rb3 25. Qe2 Bc6 26. Bxc6 Qxc6
27. Qe6+ Kh8 28. Ne4 Qc8 29. Qxe7 Qf8 30. Qxf8+ Rxf8 31. Rd2 Rxf4 32. Kg2 
Be5 33. Raa2 Rf8 34. Ng5 Kg8 35. Ne6 Rc8 36. Kf3 Rxc4 37. Ke4 Rc8 38. Rac2
Re8 39. Nc7 Re7 40. Kd5 Rb7 41. Ne6 h6 42. Rc6 a5 43. Ra6 Rb8 44. Rxa5 Rbe8
45. Nxd4 Bf4 46. Nc6 Re5+ 47. Nxe5 Rxe5+ 48. Kc6 Rxa5 49. Ra2 Kf7 50. Kb6 
Rd5 51. Ra3 Be3+ 52. Kc6 Ra5 53. Ra2 d5 54. Ra1 Kf6 55. h4 Ke5 56. h5 g5 
57. Rf1 Rxa4 58. Rf5+ Ke6 59. Rf8 Ra6+ 60. Kb7 Rb6+ 61. Kc7 Bc5 62. Re8+ 
Kf6 63. Kd7 Rd6+ 64. Kc7 Re6 65. Ra8 Ke5 66. Ra4 Rb6 67. Kd7 Bd6 68. Ra8 
Kf4 69. Ra4+ Ke3 70. Ke6 Bf4+ 71. Kxd5 Rd6+ 72. Kc5 Rxd3 73. Ra6 Rd6 74. 
Ra3+ Ke4 75. Kc4 Be5 76. Kc5 Rd5+ 77. Kc6 Rd1 78. Ra4+ Kf3 79. Kb5 Bf4 80.
Ra6 Rd6 81. Ra8 Kxg4 82. Rh8 Kxh5 83. Kc5 Kg4 84. Kc4 h5 85. Kc5 h4 86. Kc4
h3 87. Kc5 h2 88. Kc4 Rd1 89. Rxh2 Bxh2 0-1

[Event "1998 Canadian Junior"]
[Site "Vancouver, British Columbia"]
[Date "1998.12.31"]
[Round "8"]
[White " Olson, Hans"]
[Black "Reddy, Tyler"]
[Result "1/2-1/2"]
[WhiteElo "1928"]
[BlackElo "2094"]

1. e4 e6 2. d4 d5 3. exd5 exd5 4. Bd3 Bd6 5. Nf3 Nc6 6. O-O Bg4 7. Re1+ 
Nge7 8. c3 Qd7 9. Nbd2 O-O-O 10. b4 Ng6 11. Nb3 Nh4 12. Be2 Nxf3+ 13. Bxf3
h5 14. Qd3 Bf5 15. Qb5 a6 16. Qxd5 Bxh2+ 17. Kxh2 Qxd5 18. Bxd5 Rxd5 19. 
Be3 Rdd8 20. a3 Bc2 21. Nc5 b6 22. Re2 bxc5 23. Rxc2 cxd4 24. cxd4 Nxd4 25.
Rc4 Ne6 26. Rac1 Kb7 27. a4 Rd5 28. g3 Rhd8 29. Kg2 R8d7 30. Ra1 Nd4 31. 
Rac1 Ne6 32. Ra1 Rd1 33. Ra2 Nd4 34. Rb2 f6 35. Rc5 g5 36. Ra5 c6 37. Rc5 
g4 38. Bxd4 R7xd4 39. Rxh5 Ra1 40. Rh7+ Kb6 41. a5+ Kb5 42. Rb7+ Kc4 43. f4
Kc3 44. Re2 Rxb4 45. Rxb4 Kxb4 46. Re6 c5 47. Rxf6 Rxa5 48. Rb6+ Kc3 49. f5
c4 50. f6 Rf5 51. Rxa6 Kc2 52. Ra2+ Kd3 53. Rf2 Rxf2+ 54. Kxf2 c3 55. f7 c2
56. f8=Q c1=Q 57. Qf5+ Kd4 58. Qxg4+ Ke5 59. Qg7+ Ke6 60. Kf3 Qd1+ 61. Kf4
Qd2+ 62. Kg4 Qe2+ 63. Kg5 Qd2+ 64. Kg6 Qd3+ 65. Kh6 Qe3+ 66. Qg5 Qf2 67. g4
Kf7 68. Qg6+ Ke7 69. g5 Kf8 70. Qg7+ Ke8 71. Kh7 Qh2+ 72. Qh6 Qc7+ 73. Qg7
Qh2+ 74. Kg6 Qc2+ 75. Kh5 Qh2+ 1/2-1/2

[Event "1998 Canadian Junior"]
[Site "Vancouver, British Columbia"]
[Date "1998.12.31"]
[Round "8"]
[White "Wong, Samuel"]
[Black "Dutton, Warren"]
[Result "0-1"]
[WhiteElo "1975"]
[BlackElo "2062"]

1. d4 Nf6 2. c4 c5 3. d5 b5 4. cxb5 a6 5. bxa6 g6 6. Nc3 Bxa6 7. g3 d6 8. 
Bg2 Bg7 9. Nf3 O-O 10. O-O Nbd7 11. h3 Qa5 12. Re1 Rfb8 13. e4 Ne8 14. Qc2
Ra7 15. Bd2 Qc7 16. b3 c4 17. Rab1 Nc5 18. bxc4 Bxc4 19. Rxb8 Qxb8 20. Bf1
Bxf1 21. Kxf1 Rb7 22. Rb1 Rxb1+ 23. Nxb1 Qb5+ 24. Kg2 Qe2 25. Nc3 Qc4 26. 
Ne1 h6 27. Kf3 Qf1 28. Na4 Bd4 29. Bc3 Bxc3 30. Qxc3 Qh1+ 31. Ng2 Qd1+ 32.
Ke3 Qxa4 33. f3 Qxa2 34. Nf4 Ng7 35. h4 Kh7 36. Ne2 Qb1 37. Qa3 f5 38. Nc3
Qg1+ 39. Ke2 Qxg3 40. Qb4 Qg2+ 41. Ke3 f4+ 42. Kd4 Qd2+ 0-1

[Event "1998 Canadian Junior"]
[Site "Vancouver, British Columbia"]
[Date "1998.12.31"]
[Round "8"]
[White "Afrah, Navid"]
[Black "Hua, Lefong"]
[Result "0-1"]
[WhiteElo "2109"]
[BlackElo "2358"]

1. e4 c5 2. Nf3 d6 3. d4 cxd4 4. Nxd4 Nf6 5. Nc3 g6 6. Be2 Bg7 7. O-O Nc6 
8. Be3 O-O 9. Kh1 d5 10. exd5 Nxd5 11. Nxd5 Qxd5 12. Nxc6 bxc6 13. Bf3 Qb5
14. a4 Qb7 15. Rb1 Be6 16. b3 Rad8 17. Qe2 Bd5 18. Rfd1 e5 19. c4 Bxf3 20.
Qxf3 e4 21. Qe2 Rxd1+ 22. Qxd1 Qe7 23. Qd2 Rd8 24. Qa5 Bd4 25. Rd1 Bb6 26.
Qe1 Bxe3 27. fxe3 Rd3 28. Rxd3 exd3 29. h3 Qf6 30. Qd2 Qf1+ 31. Kh2 Qe2 32.
Qb4 Qxe3 33. Qb8+ Kg7 34. Qd6 d2 35. c5 h5 36. b4 h4 0-1

[Event "1998 Canadian Junior"]
[Site "Vancouver, British Columbia"]
[Date "1998.12.31"]
[Round "8"]
[White "Charbonneau, Pascal"]
[Black "Pechisker, Alfred"]
[Result "1-0"]
[WhiteElo "2354"]
[BlackElo "2244"]

1. e4 c5 2. Nf3 d6 3. d4 cxd4 4. Nxd4 Nf6 5. Nc3 a6 6. Bc4 e6 7. Bb3 b5 8.
O-O Bb7 9. Re1 Nbd7 10. f4 Nc5 11. e5 dxe5 12. fxe5 Nxb3 13. axb3 Nd5 14. 
Ne4 Rc8 15. c3 Bc5 16. Nxc5 Rxc5 17. Qg4 Ne7 18. Bg5 h5 19. Qg3 g6 20. Bf6
Rh7 21. Rad1 Qc7 22. Nf3 Rd5 23. Qf2 h4 24. Nxh4 Qc5 25. Qxc5 Rxc5 26. Rd4
Nd5 27. Bg5 Rh5 28. Nf3 Ne7 29. Red1 Rd5 30. h4 Nf5 31. Rxd5 Bxd5 32. c4 
bxc4 33. bxc4 Rxg5 34. hxg5 Bxc4 35. Kf2 Ne7 36. Ke3 Bd5 37. Kd4 Nc6+ 38. 
Kc5 Bxf3 39. gxf3 Nxe5 40. f4 1-0

[Event "1998 Canadian Junior"]
[Site "Vancouver, British Columbia"]
[Date "1998.12.31"]
[Round "8"]
[White "Henson, Joshua"]
[Black "Khan, Zamir"]
[Result "1/2-1/2"]
[WhiteElo "2071"]
[BlackElo "2182"]

1. e4 e6 2. d4 d5 3. Nd2 Nf6 4. e5 Nfd7 5. f4 c5 6. c3 Nc6 7. Ndf3 Qb6 8. 
Ne2 f6 9. a3 c4 10. g4 fxe5 11. fxe5 Be7 12. Nf4 Nf8 13. h4 Bd7 14. Qc2 
O-O-O 15. h5 h6 16. Be3 1/2-1/2

[Event "1998 Canadian Junior"]
[Site "Vancouver, British Columbia"]
[Date "1998.12.31"]
[Round "8"]
[White "Carlisle, Michael"]
[Black "Voloaca, Mihnea"]
[Result "0-1"]
[WhiteElo "2074"]
[BlackElo "2137"]

1. e4 e5 2. Nf3 Nc6 3. Bb5 Nf6 4. O-O Nxe4 5. d4 Nd6 6. Bxc6 dxc6 7. dxe5 
Nf5 8. Qe2 Nd4 9. Nxd4 Qxd4 10. Rd1 Bg4 11. Rxd4 Bxe2 12. Nc3 Bh5 13. h4 
Bg6 14. Bf4 Bxc2 15. g4 h5 16. Rc1 Bg6 17. gxh5 Rxh5 18. Bg3 Bc5 19. Rd2 
Be7 20. e6 fxe6 21. Bxc7 Rxh4 22. Re1 Bf5 23. a3 Bf6 24. Ne2 Be4 25. Ng3 
Bd5 26. f4 Rg4 27. Rd3 Kd7 28. Be5 Rh8 29. b3 Rh1+ 30. Kf2 Rh2+ 31. Kf1 
Bxe5 0-1

[Event "1998 Canadian Junior"]
[Site "Vancouver, British Columbia"]
[Date "1998.12.31"]
[Round "9"]
[White "Dutton , Warren"]
[Black "Carlisle, Michael"]
[Result "0-1"]
[WhiteElo "2062"]
[BlackElo "2074"]

1. e4 e6 2. d4 d5 3. Nd2 Nf6 4. e5 Nfd7 5. Bd3 c5 6. c3 Nc6 7. Ne2 cxd4 8.
cxd4 Nb6 9. O-O Bd7 10. a3 a5 11. b3 Rc8 12. Bb2 Be7 13. f4 f5 14. g4 g6 
15. gxf5 gxf5 16. Ng3 O-O 17. Kh1 Kh8 18. Rg1 Rg8 19. Nf3 Qf8 20. Qf1 Na7 
21. Qh3 a4 22. b4 Nc4 23. Bc1 Nb5 24. Ra2 Rg6 25. Ne2 Rxg1+ 26. Kxg1 Qg7+ 
27. Kf2 Rg8 28. Ng5 Rc8 29. Bc2 Na7 30. Nc3 b5 31. Bd1 Bxg5 32. fxg5 Be8 
33. Bf4 Rb8 34. Qd3 Nc6 35. Bf3 Ne7 36. Bg3 Qxg5 37. Ne2 Ng6 38. h4 Nxh4 
39. Nf4 Bf7 40. Ra1 Nxf3 41. Qxf3 Nd2 42. Qg2 Ne4+ 43. Kf3 Qg4+ 44. Ke3 
Qxg3+ 45. Qxg3 Nxg3 46. Rc1 Rb6 47. Rc8+ Kg7 48. Rc7 Ne4 49. Nh5+ Kf8 50. 
Nf6 Nxf6 51. exf6 h5 52. Kf4 Be8 53. Kg5 Rc6 54. Rh7 Bf7 55. Rh8+ Bg8 56. 
Rxh5 Rc3 57. Rh2 Kf7 58. Rh6 Rxa3 0-1

[Event "1998 Canadian Junior"]
[Site "Vancouver, British Columbia"]
[Date "1998.12.31"]
[Round "9"]
[White "Khan, Zamir"]
[Black "Afrah, Navid"]
[Result "1/2-1/2"]
[WhiteElo "2182"]
[BlackElo "2109"]

1. d4 Nf6 2. c4 g6 3. Nc3 Bg7 4. e4 d6 5. Nf3 O-O 6. Be2 e5 7. O-O Nc6 8. 
d5 Ne7 9. b4 a5 10. Ba3 Nd7 11. Bd3 f5 12. Qc2 Bh6 13. Nd2 Nf6 14. f3 fxe4
15. Ndxe4 Nf5 16. Rfe1 Be3+ 17. Nf2 Nd4 18. Qb2 Ng4 19. Nd1 Nxf2 20. Rxe3 
Nxd1 21. Rxd1 Qg5 22. Kf2 Rf4 23. c5 Rh4 24. Rh1 Bf5 25. cxd6 cxd6 26. b5 
Rc8 27. Bxf5 Nxf5 28. Rc3 Rhc4 29. Rhc1 Qh4+ 30. Kf1 Qxh2 31. Rxc4 Rxc4 32.
Rxc4 Ne3+ 33. Ke2 Nxc4 34. Qc3 Qxg2+ 35. Ke1 Qxa2 36. Kf1 Nd2+ 37. Kg1 Qxd5
38. Qc8+ Kg7 39. Qd7+ Qf7 40. Qxd6 Nxf3+ 41. Kg2 h6 42. Bb2 Kh7 43. b6 Nh4+
44. Kg1 Nf3+ 45. Kg2 Nh4+ 46. Kg1 Nf3+ 47. Kg2 Ne1+ 48. Kg1 Nf3+ 1/2-1/2

[Event "1998 Canadian Junior"]
[Site "Vancouver, British Columbia"]
[Date "1998.12.31"]
[Round "9"]
[White "Pechisker, Alfred"]
[Black "Henson, Joshua"]
[Result "1/2-1/2"]
[WhiteElo "2244"]
[BlackElo "2071"]

1. d4 e6 2. c4 f5 3. g3 Nf6 4. Bg2 Be7 5. Nc3 d6 6. Nf3 O-O 7. O-O c6 8. 
Qc2 d5 9. cxd5 exd5 10. Rb1 Na6 11. a3 Ne4 12. b4 Nc7 13. Bf4 Bd6 14. Bxd6
Nxd6 15. Ne5 Ncb5 16. Nxb5 Nxb5 17. Qb2 a6 18. a4 Nd6 19. Rfc1 Be6 20. e3 
Nc4 21. Nxc4 dxc4 22. b5 axb5 23. axb5 Bd5 24. Bf1 Ra4 25. bxc6 bxc6 26. 
Rc3 Qa5 27. Qc1 Qa6 28. Rcb3 cxb3 29. Bxa6 Rxa6 30. Qc3 Rb6 31. f3 Bxf3 32.
Rxb3 Rxb3 33. Qxb3+ Bd5 34. Qb7 g6 35. Kf2 Rf7 36. Qb8+ Rf8 37. Qe5 Ra8 38.
h4 Ra2+ 39. Ke1 Ra1+ 40. Kd2 Ra2+ 41. Kc3 h5 42. Kb4 Ra8 43. Kc5 Rf8 44. 
Qe7 Rf7 45. Qg5 Kh7 46. Kd6 Be4 47. Qd8 Bd5 48. Ke5 Ra7 49. Kf6 Rf7+ 50. 
Ke5 Ra7 51. Qe8 Rf7 52. Kf4 Kg7 53. Qe5+ Kg8 54. Kg5 Kh7 55. Qd6 Rg7 56. 
Qf8 Be4 57. Kf6 Ra7 58. Qe8 Rg7 1/2-1/2

[Event "1998 Canadian Junior"]
[Site "Vancouver, British Columbia"]
[Date "1998.12.31"]
[Round "9"]
[White "Voloaca, Mihnea"]
[Black "Charbonneau, Pascal"]
[Result "1/2-1/2"]
[WhiteElo "2137"]
[BlackElo "2354"]

1. c4 e5 2. Nc3 Nf6 3. g3 c6 4. d4 exd4 5. Qxd4 d5 6. Bg2 dxc4 7. Qxc4 Be6
8. Qa4 Bc5 9. Nf3 O-O 10. O-O Nbd7 11. Ng5 Bf5 12. Nge4 Nxe4 13. Nxe4 Bxe4
14. Bxe4 Re8 15. Qc2 g6 16. Bf4 Qe7 17. Bf3 Ne5 18. Bxe5 Qxe5 19. Rad1 Rad8
20. b3 h5 21. Kg2 Kg7 22. h4 a5 23. Rxd8 Rxd8 24. Rd1 Rxd1 25. Qxd1 Qd4 26.
Qxd4+ Bxd4 27. a4 1/2-1/2

[Event "1998 Canadian Junior"]
[Site "Vancouver, British Columbia"]
[Date "1998.12.31"]
[Round "9"]
[White "Hua, Lefong"]
[Black "Olson, Hans"]
[Result "1-0"]
[WhiteElo "2358"]
[BlackElo "1928"]

1. c4 e5 2. g3 Nc6 3. Bg2 Nf6 4. d3 Bb4+ 5. Bd2 Bxd2+ 6. Qxd2 O-O 7. Nc3 
Re8 8. e3 d6 9. Nge2 Ne7 10. Nd5 Nfxd5 11. cxd5 c6 12. dxc6 Nxc6 13. O-O d5
14. f4 exf4 15. Rxf4 Be6 16. Raf1 Re7 17. b3 Rc8 18. Rh4 Rec7 19. Qb2 Ne7 
20. Nd4 Ng6 21. Rh5 Qd7 22. Nxe6 fxe6 23. Qd4 b6 24. Qg4 Re8 25. e4 d4 26.
e5 Rf8 27. Bf3 Rc2 28. Qh3 h6 29. Qg4 Qe8 30. Qxd4 Rxa2 31. Qe4 Ne7 32. Rh4
Nd5 33. Rg4 Rf5 34. Qd4 Qf7 35. Qe4 Rb2 36. Rc1 Qf8 37. Rf1 Rxb3 38. Rg6 
Qf7 39. Rxe6 Rb5 40. Rc6 Ne7 41. e6 Qf6 42. Rd6 Ng6 43. e7 Qxe7 44. Rxg6 
Qf8 45. Re6 1-0

[Event "1998 Canadian Junior"]
[Site "Vancouver, British Columbia"]
[Date "1998.12.31"]
[Round "9"]
[White "Reddy, Tyler"]
[Black "Wong, Samuel"]
[Result "1-0"]
[WhiteElo "2094"]
[BlackElo "1975"]

1. c4 Nf6 2. g3 e5 3. Bg2 Nc6 4. Nc3 Bb4 5. Nd5 Bc5 6. e3 O-O 7. Ne2 Nxd5 
8. cxd5 Ne7 9. O-O d6 10. d4 exd4 11. Nxd4 Ng6 12. b3 Qe7 13. Bb2 Ne5 14. 
Qc2 Bg4 15. Rfe1 Qd7 16. Qc3 f6 17. Rac1 Rac8 18. f3 Bh3 19. f4 Bxd4 20. 
Qxd4 c5 21. dxc6 Nxc6 22. Bxh3 Qxh3 23. Qd5+ Kh8 24. Ba3 h5 25. Qg2 Qxg2+ 
26. Kxg2 Rfd8 27. Rcd1 d5 28. Rd2 d4 29. e4 Rd7 30. Red1 Rcd8 31. Rc1 Re8 
32. Kf3 g6 33. Rc5 Kg7 34. Rd5 Red8 35. Rxd7+ Rxd7 36. Ke2 Kf7 37. Kd3 Ke6
38. Rc2 Rd8 39. Rc4 Rd7 40. Bb2 Rd8 41. Bxd4 Nxd4 42. Rxd4 Rc8 43. Rb4 b6 
44. Rc4 Rd8+ 45. Ke2 Rd7 46. Rc8 Kf7 47. h3 Ke6 48. Rc6+ Kf7 49. Ke3 Kg7 
50. e5 fxe5 51. fxe5 Re7 52. Ke4 Rd7 53. Rf6 b5 54. Rf3 a6 55. e6 Re7 56. 
Kd5 Rb7 57. Kc6 Ra7 58. Kb6 Re7 59. Rf7+ Rxf7 60. exf7 Kxf7 61. Kxa6 1-0

[Event "1998 Canadian Junior"]
[Site "Vancouver, British Columbia"]
[Date "1999.01.01"]
[Round "10"]
[White "Olson, Hans"]
[Black "Khan, Zamir"]
[Result "1/2-1/2"]
[WhiteElo "1928"]
[BlackElo "2182"]

1. e4 e6 2. d4 d5 3. exd5 exd5 4. Bd3 Nc6 5. Nf3 Bg4 6. c3 Qf6 7. Nbd2 Bd6
8. h3 Bf5 9. Nb3 h6 10. O-O Nge7 11. Re1 O-O 12. Be3 Ng6 13. Rc1 Nf4 14. 
Bxf5 Qxf5 15. Bxf4 Bxf4 16. Rc2 Bd6 17. Rce2 b6 18. Ne5 Bxe5 19. dxe5 Rad8
20. Nd4 Nxd4 21. cxd4 c5 1/2-1/2

[Event "1998 Canadian Junior"]
[Site "Vancouver, British Columbia"]
[Date "1999.01.01"]
[Round "10"]
[White "Wong, Samuel"]
[Black "Hua, Lefong"]
[Result "0-1"]
[WhiteElo "2358"]
[BlackElo "1975"]

1. d4 Nf6 2. c4 c5 3. d5 e6 4. Nc3 exd5 5. cxd5 d6 6. e4 g6 7. f4 Bg7 8. 
Bb5+ Nfd7 9. a4 Qh4+ 10. g3 Qe7 11. Qe2 O-O 12. Nf3 Na6 13. O-O Nb4 14. Re1
a6 15. Bc4 Nb6 16. Bd3 c4 17. Bb1 Bg4 18. Be3 Nd3 19. Bxd3 cxd3 20. Qxd3 
Nxa4 21. Rxa4 Bxf3 22. Bd4 Bxd4+ 23. Rxd4 Bg4 24. e5 Bf5 25. Qe3 Rfe8 26. 
Kf2 Qd8 27. Rb4 b5 28. Qd4 Rc8 29. Re2 Qc7 30. Ne4 Bxe4 31. Qxe4 Qc5+ 32. 
Qd4 Qc1 33. Qe4 f5 34. Qd3 Qh1 35. h4 Rc1 36. Ke3 dxe5 37. d6 Qg1+ 38. Rf2
Re1+ 39. Kf3 e4+ 0-1